Μέτρηση εδαφικής διάβρωσης επί διετία μετά από πυρκαγία σε δάσος τραχείας πεύκης της Λέσβου : πτυχιακή εργασία

Αποθηκεύτηκε σε:
Λεπτομέρειες βιβλιογραφικής εγγραφής
Κύριος συγγραφέας: Λίτσιου, Πελαγία
Συγγραφή απο Οργανισμό/Αρχή: Πανεπιστήμιο Αιγαίου. Σχολή Περιβάλλοντος. Τμήμα Περιβάλλοντος
Άλλοι συγγραφείς: Τιάντση, Δήμητρα, Δημητρακόπουλος, Αλέξανδρος (Εισηγητής διατριβής)
Μορφή: Thesis Βιβλίο
Γλώσσα:Greek
Δημοσίευση: Μυτιλήνη : Πανεπιστήμιο Αιγαίου, Τμήμα Περιβάλλοντος, Τομέας Διαχείρισης Οικοσυστημάτων, 1994
Θέματα:
Διαθέσιμο Online:http://hdl.handle.net/11610/9881
Ετικέτες: Προσθήκη ετικέτας
Δεν υπάρχουν, Καταχωρήστε ετικέτα πρώτοι!

MARC

LEADER 00000cam a2200000 i 4500
001 1/4570
008 000530s1994 gre d
035 |l 10061251 
040 |a GR-MY-UA  |b gre  |e aacr 
041 0 |a gre 
082 0 |a 631.45  |2 (22) 
100 1 |a Λίτσιου, Πελαγία. 
245 1 0 |a Μέτρηση εδαφικής διάβρωσης επί διετία μετά από πυρκαγία σε δάσος τραχείας πεύκης της Λέσβου :  |b πτυχιακή εργασία /  |c Λίτσιου Πελαγία; Τιάντη Δήμητρα ; υπεύθυνος καθηγητής: Αλέξανδρος Δημητρακόπουλος 
260 |a Μυτιλήνη :   |b Πανεπιστήμιο Αιγαίου, Τμήμα Περιβάλλοντος, Τομέας Διαχείρισης Οικοσυστημάτων,   |c 1994 
300 |a 91 σ.;  |b πιν., σχ., χάρτες;  |c 30 εκ. 
502 |a Πτυχιακή εργασία – Πανεπιστήμιο Αιγαίου, Λέσβος, 1994. 
504 |a Περιέχει παραρτήματα και βιβλιογραφία 
650 0 |a Soil erosion  |z Greece  |z Lesbos (Municipality) 
650 0 0 |a Forest fires  |x Environmental aspects. 
650 0 0 |a Pine  |z Greece  |z Lesbos (Municipality) 
650 0 0 |a Dissertations, Academic  |z Greece. 
700 1 |a Τιάντση, Δήμητρα. 
700 1 |a Δημητρακόπουλος, Αλέξανδρος.  |4 ths 
710 2 |a Πανεπιστήμιο Αιγαίου.   |b Σχολή Περιβάλλοντος.   |b Τμήμα Περιβάλλοντος. 
852 |a INST  |b LESVOS  |c DIATR  |e 20000530  |h 179  |p 005100026144  |q 005100026144  |t DIE  |y 23 
852 |a INST  |b LESVOS  |c DIATR  |e 20000530  |h 180  |p 005100026152  |q 005100026152  |t DIE  |y 23 
856 |u http://hdl.handle.net/11610/9881 
901 |a BIBL1-2000-2 
909 |a Λ  |b 079005 
909 |a Λ  |b 079004 
924 |a ΛΙΤΣΙΟΥ  |b ΠΕΛΑΓΙΑ  |b ΔΗΜΗΤΡΑ  |y ΛΕΣΒΟΣ  |y ΛΕΣΒΟΣ  |z 1994-12  |z 1994-12 
924 |a ΤΙΑΝΤΣΗ 
970 |a ΑΙΒΑΤΖΙΔΟΥ  |b ΕΛΕΝΗ  |z 2000/05/30